Statistics for Countries with most airline accidents

Click here to take the quiz!

General Stats

  • This quiz has been taken 37 times
  • The average score is 8 of 10

Answer Stats

AccidentsAnswer% Correct
788USA
97%
105UK
94%
360Russia
89%
102France
86%
93India
86%
96Indonesia
83%
178Canada
77%
97Mexico
74%
185Brazil
71%
177Colombia
43%

Score Distribution

Percentile by Number Answered

Percent of People with Each Score

Your Score History

You have not taken this quiz